| 000 -LEADER |
| fixed length control field |
00778nam a2200229Ia 4500 |
| 001 - CONTROL NUMBER |
| control field |
4951 |
| 003 - CONTROL NUMBER IDENTIFIER |
| control field |
GE_BSU |
| 008 - FIXED-LENGTH DATA ELEMENTS--GENERAL INFORMATION |
| fixed length control field |
181216s||||||||xx |||||||||||||| ||und|| |
| 040 ## - CATALOGING SOURCE |
| Transcribing agency |
GE_BSU |
| 080 ## - UNIVERSAL DECIMAL CLASSIFICATION NUMBER |
| Universal Decimal Classification number |
621.7(075.8) |
| 100 ## - MAIN ENTRY--PERSONAL NAME |
| Personal name |
Егоров,М.Е. Дементьев,В.И. Дмитрьев,В.Л. |
| 245 ## - TITLE STATEMENT |
| Title |
Технология машиностроения. |
| 245 ## - TITLE STATEMENT |
| Remainder of title |
Учебник. |
| 245 ## - TITLE STATEMENT |
| Statement of responsibility, etc. |
Ред. Чунеева Л.Н. Под общей ред. М.Е.Егорова. |
| 250 ## - EDITION STATEMENT |
| Edition statement |
Изд. второе дополненное. |
| 260 ## - PUBLICATION, DISTRIBUTION, ETC. |
| Place of publication, distribution, etc. |
М. |
| 260 ## - PUBLICATION, DISTRIBUTION, ETC. |
| Name of publisher, distributor, etc. |
Высшая школа. |
| 260 ## - PUBLICATION, DISTRIBUTION, ETC. |
| Date of publication, distribution, etc. |
1976. |
| 300 ## - PHYSICAL DESCRIPTION |
| Extent |
534стр.с илл.22см.библиогр.:стр.528. |
| 653 ## - INDEX TERM--UNCONTROLLED |
| Uncontrolled term |
Технология машиностроения. |
| 942 ## - ADDED ENTRY ELEMENTS (KOHA) |
| Koha item type |
წიგნი |